000 00587nam a2200205Ia 4500
005 20250923145138.0
008 008 250917s9999 xx 000 0 eng d
037 _aTextual
040 _aDSWL
_beng
_cDSWL
041 _aeng
_2eng
084 _aL9Foj7:4:691, N69
_qDSWL
100 _aChertok, Leon
_9832220
245 0 _aMotherhood and personality
_cby Leon Chertok
260 _bBritain Tavistock Publications Ltd.
_c1969
300 _a374p.
365 _aINR
_b55
925 _g55
942 _cTEXL
_hL9Foj7:4:691, N69
999 _c1447714
_d1447714